000 00741nam a22001337a 4500
040 _cRUA
082 _aAVM SON 2018 B654 Or.1
100 _aSONG SOPHAT សុង សុផាត
245 _agastrointestinal parasites in local chicken at pak khlorng commune, mondolseima district, koh kong province បរាសិតក្នុងប្រដាប់រំលាយអាហារបស់មាន់ក្នុងស្រុកនៅ ឃុំ ប៉ាក់ខ្លង ស្រុកមណ្ឌលសីមា ខេត្តកោះកុង
260 _aRUA
_bPhnom penh
_c2018
300 _axi;40p
_bill;
_c29cm
856 _uhttps://drive.google.com/file/d/1tILij_347teSBG-xOBv3aWUaW1Xw-C-i/view?usp=sharing
942 _cAVM
999 _c18646
_d18646